000
002480000a22000970004500
100
1
_a
Mahecha, Guidoberto
245
1
0
_a
Las buenas nuevas de Jesús hoy
300
_a
Vol. 1, Núm 5 (1989), Páginas 11
773
0
_t
Impacto Presbiteriano
942
_c
ANA
999
_c
51127
_d
51127